| 000 | 01304nam a22002657a 4500 | ||
|---|---|---|---|
| 999 |
_c6480 _d6480 |
||
| 005 | 20200211120334.0 | ||
| 008 | 200211s2012 sp d||||r|||| 001 0 spa d | ||
| 020 | _a978845504719 | ||
| 040 |
_aCO-JMCR _cCO-JMCR |
||
| 041 | _aspa | ||
| 082 |
_a658 / _bM337c |
||
| 100 |
_aMarín, Quico, _eautor _9395 |
||
| 245 |
_aCómo hacer un plan de Marketing / _cQuico Marín |
||
| 260 |
_a[España] : _bProfit, _c2012 |
||
| 300 |
_a84 páginas : _bgráficos a blanco y negro ; _c21 cm. |
||
| 440 |
_aColección : MBA práctico _9386 |
||
| 500 | _aIncluye datos bibliográficos en paginas 83-84. | ||
| 505 | _aPlan de marketing -- Instalaciones y descripción del programa -- Funcionamiento del manual -- Casos prácticos | ||
| 520 | _aPara hacer crecer el valor del cliente es necesario reducir los precios y mejorar, al mismo tiempo, la calidad de los productos o los servicios. en ese sentido, resulta imprescindible hacer un análisis periódico de las acciones que se llevan a cabo. Este libro presenta un muy útil plan de marketing que puede alinear a los trabajadores en base a una estrategia establecida. | ||
| 650 | _9396 | ||
| 650 | _9397 | ||
| 650 | _9398 | ||
| 650 | _9399 | ||